แสดงรายละเอียดบรรณานุกรม
  กลับหน้าหลัก

Brief Record : Get Marc (ISO 2709) : E-mail record : QR code ปิดหน้าต่าง
LEADER 00000nam 2200000uu 4500
001    205707
003     ULIBM
008    101123s2553||||th 000 0 tha d
020    978-974-244-307-8
060  0 วจ QU 145 ส691ร 2553.
110 1  ^aสำนักงานคณะกรรมการอาหารและยา กองควบคุมโรค.
245 00 ^aรายงานการวิจัย เรื่องการสำรวจสถานการณ์ การใช้ฉลากโภชนาการของประชาชนไทย พ.ศ.2552.
260    ^aกรุงเทพฯ : ^bองค์การสงเคราะห์ทหารผ่านศึก,^c2553.
300    ^aจำนวนหน้า 54 หน้า ;^bภาพประกอบ.
650  0 ^aการใช้ฉลากโภชนาการ - - ^xวิจัย.
650  0 ^aโภชนาการ.
710 1  ^aกองควบคุมอาหาร สำนักงานคณะกรรมการอาหารและยา.
999    ^aใช้งานได้ทุกระบบ
รายการนี้ยังไม่มีแท็ก
คุณยังไม่ได้ล็อกอิน คุณสามารถมีกิจกรรมร่วมกับเว็บไซต์ได้ แต่ต้องล็อกอินก่อน ::
  ล็อกอิน
ลำดับที่ ประเภท เลขเรียก สถานที่ สถานะ
1. งานวิจัย
งานวิจัย
วจ QU 145 ส691ร 2553  
  
ชั้นหนังสือวิจัย On Shelf
  ขอยืม
   [แสดง 1/1 รายการ]

รายการใกล้เคียง
    หัวเรื่อง [โภชนาการ.]

BibComment


ยังไม่เคยถูกคอมเมนท์

คอมเมนท์ทรัพยากรรายการนี้
  คอมเมนท์: รายงานการวิจัย เ..
Bib 205707

 
 
 

 Union Library Management : ULibM
Copyright 2026. All Rights Reserved.
скачать бесплатно без регистрации порно красивый секс HD Sex Hindi sex

xxx gou

xxxx

bfxxx

xxxwww

Секса Видео

xxxx

Секса Видео

detube

geilexxx

C99 Shell

worms shell

blod xxx video
Ebony Coed Rihanna Rimes Takes A Dick In Her Young Twat priyaa indian fuck anal and pusssy hardcore indian women xxx desi hardcore fucking part 1 bengalixxxcouple